1664 1633 1916 1468 1861 1396 1867 1112 1344 1179 1005 1984 1048 1063 1736 1966 1834 1689 1630 1599 1662 1681 1212 1063 1056 1056 1755 1867 1686 1628 1753 1821 1190 1337 1667 1312 1932 1858 1787 1700 1162 1904 1797 1720 1701 1904 1941 1039 1233 1952 1312 1229 1256 1387 1006 1885 1843 1086 1559 1121 1153 1714 1749 1224 1130 1883 1438 1686 1197 1736 1160 1374 1409 1642 1265 1228 1789 1512 1695 1519 1912 1268 1512 1043 1027 1915 1400 1190 1748 1779 1596 1432 1949 1922 1680 1469 1841 1941 1691 BCNSPRNW ULIB Ver.6.0+V

เปลี่ยนเป็นภาษาไทย

Change to English
 แสดงรายละเอียดบรรณานุกรม
  กลับหน้าหลัก

Brief Record : Get Marc (ISO 2709) : E-mail record : QR code < ปิดหน้าต่าง
LEADER : 00000nam 2200000uu 4500
001    13399113897
003     ULIB
008    110320s||||||||th 000 0 tha d
099    วจ.WQ200^bด148ก
100 0  ดลฤดี เพชรขว้าง
245 00 การตั้งครรภ์วัยรุ่นและปัจจัยที่เกี่ยวข้องต่อการตั้งครรภ์ในสตรีวัยรุ่น/^cดลฤดี เพชรขว้าง,จรรยา แก้วใจบุญ,เรณู บุญทา และ กัลยา จันทร์สุข
260    พะเยา :^bวิทยาลัยพยาบาลบรมราชชนนี พะเยา,^c2554
300    95 หน้า :^bตาราง
500    รายงานการวิจัย
650  7 การตั้งครรภ์ในวัยรุ่น^xวิจัย
700 02 จรรยา แก้วใจบุญ
700 02 เรณู บุญทา
700 02 กัลยา จันทร์สุข
710 2  วิทยาลัยพยาบาลบรมราชชนนี. ^bพะเยา
945    ^p0^l0^i030958
995    ทศพร
999 ^a ใช้งานได้ทุกระบบ
รายการนี้ยังไม่มีแท็ก
คุณยังไม่ได้ล็อกอิน คุณสามารถมีกิจกรรมร่วมกับเว็บไซต์ได้ แต่ต้องล็อกอินก่อน ::
  ล็อกอิน

รายการสื่อสารสนเทศ

ลำดับที่ ประเภท เลขเรียก/บาร์โค้ด สถานที่ สถานะ
1. งานวิจัย
งานวิจัย
วจ.WQ200 ด148ก ฉ.1 
  Barcode: 030958
ห้องสมุดวิทยาเขตสวรรค์ประชารักษ์
►วิจัย
บนชั้น

BibComment


ยังไม่เคยถูกคอมเมนท์

คอมเมนท์ทรัพยากรรายการนี้
  คอมเมนท์: การตั้งครรภ์วัยรุ..


 Copyright 2026. Bcnsprnw @Library